Bharatar gramunnayan. (Record no. 931)

MARC details
000 -LEADER
fixed length control field 00472cam a2200193ua 4500
008 - FIXED-LENGTH DATA ELEMENTS--GENERAL INFORMATION
fixed length control field 110426n ii |||gr||||Z||||||eng
040 ## - CATALOGING SOURCE
Transcribing agency MAIN
082 ## - DEWEY DECIMAL CLASSIFICATION NUMBER
Classification number 343.074
245 1# - TITLE STATEMENT
Title Bharatar gramunnayan.
Statement of responsibility, etc. By Nabin Gohain
250 ## - EDITION STATEMENT
Edition statement 1st.
260 ## - PUBLICATION, DISTRIBUTION, ETC.
Place of publication, distribution, etc. Jorhat.:
Name of publisher, distributor, etc. Bidya bhavan.,
Date of publication, distribution, etc. 2010.
300 ## - PHYSICAL DESCRIPTION
Extent 426 p.:
Dimensions 20 cm.
700 ## - ADDED ENTRY--PERSONAL NAME
Personal name Gohain, Nabin.,
700 ## - ADDED ENTRY--PERSONAL NAME
Personal name Das, Dipen,
942 ## - ADDED ENTRY ELEMENTS (KOHA)
Koha item type Books
653 ## - INDEX TERM--UNCONTROLLED
Uncontrolled term Political science.
653 ## - INDEX TERM--UNCONTROLLED
Uncontrolled term Bharatar gramunnayan.
Holdings
Withdrawn status Lost status Damaged status Not for loan Home library Current library Shelving location Date acquired Total Checkouts Full call number Barcode Date last seen Date last checked out Copy number Price effective from Koha item type
        Central Library, Naharkatiya College Central Library, Naharkatiya College General Stacks 19/09/2020 5 343.074 | GOH 19036 10/08/2021 16/03/2021 1 19/09/2020 Books
        Central Library, Naharkatiya College Central Library, Naharkatiya College General Stacks 19/09/2020 8 343.074 | GOH 19039 02/08/2021 19/04/2021 2 19/09/2020 Books
        Central Library, Naharkatiya College Central Library, Naharkatiya College General Stacks 19/09/2020 8 343.074 | GOH 19044 11/08/2021 22/04/2021 3 19/09/2020 Books

Naharkatiya College © 2020. All rights reserved.

Powered By